|
|
|
|
| LEADER |
00939nam a2200217 a 4500 |
| 001 |
386124 |
| 008 |
090602s1978 ctu b 000 0 eng d |
| 010 |
|
|
|a 78058734 //r922
|
| 040 |
|
|
|a DLC
|c DLC050 00
|a HF5686.N56
|b A56
|
| 082 |
0 |
0 |
|a 657
|2 18
|
| 100 |
1 |
|
|a Anthony, Robert Newton,
|d 1916-
|
| 245 |
1 |
0 |
|a Financial accounting in nonbusiness organizations :
|b an exploratory study of conceptual issues : research report /
|c Robert N. Anthony.
|
| 260 |
0 |
|
|a Stamford, Conn. :
|b Financial Accounting Standards Board,
|c c1978.
|
| 300 |
|
|
|a xviii, 205 p. ;
|c 23 cm.
|
| 504 |
|
|
|a Bibliography: p. 197-205.
|
| 541 |
1 |
|
|e 00001594
|
| 650 |
|
0 |
|a Accounting.
|
| 710 |
2 |
0 |
|a Financial Accounting Standards Board.
|
| 852 |
4 |
|
|a Ayesha Abed Library
|j General Shelf.
|
| 999 |
|
|
|c 1313
|d 1313
|
| 952 |
|
|
|0 0
|1 0
|2 ddc
|4 0
|6 657_ANT
|7 0
|9 1195
|a BRACUL
|b BRACUL
|c GEN
|d 2009-06-25
|g 0.00
|l 0
|o 657 ANT
|p 3010001594
|r 2009-06-25
|t 1
|w 2009-06-25
|y BK
|x No price found in the accession register.
|